| 000 | 00456nam a22001817a 4500 | ||
|---|---|---|---|
| 003 | CEME | ||
| 005 | 20210628203618.0 | ||
| 008 | 210203b xxu||||| |||| 00| 0 eng d | ||
| 020 | _a969-8656-00-6 | ||
| 040 | _c. | ||
| 082 | _a954.91 HAS | ||
| 100 |
_aHasan Mehmood _966542 |
||
| 245 | _aWafa ka ka'bah | ||
| 260 |
_aLAHORE _bMUGHAL HOSPITAL LIBRARY FORUM _c2002 |
||
| 300 | _a380P | ||
| 650 |
_aPAKISTAN-AN ISLAMIC REPUBLIC _966543 |
||
| 942 |
_cBK _2ddc |
||
| 999 |
_c574503 _d574503 |
||